Death of an englishman
שמור ב:
| מחבר ראשי: | |
|---|---|
| פורמט: | ספר |
| שפה: | אנגלית |
| יצא לאור: |
Oxford
Oxford University Press
1992
|
| סדרה: | Oxford Bookworms, 4
|
| נושאים: | |
| תגים: |
הוספת תג
אין תגיות, היה/י הראשונ/ה לתייג את הרשומה!
|
MARC
| LEADER | 00000nam a2200000 a 4500 | ||
|---|---|---|---|
| 001 | UCH3279 | ||
| 003 | CL-VaPUC | ||
| 008 | 090723e19920000UK |||||||||||||||||eng|d | ||
| 020 | |a 9780194791687 | ||
| 082 | 0 | 4 | |a 823 |b NAB |2 21 |
| 100 | 0 | |a Nabb, Magdalen |e author |9 538595 | |
| 245 | 1 | 0 | |a Death of an englishman |
| 300 | |a 88 p | ||
| 942 | |c BK | ||
| 945 | |d 20090723 00:00:00 |a rbrito | ||
| 260 | |a Oxford |b Oxford University Press |c 1992 | ||
| 650 | 0 | |a Novelas inglesas |9 265220 | |
| 583 | |a last modification |c 20090723 00:00:00 |k Rodrigo Vera | ||
| 490 | 0 | |a Oxford Bookworms, 4 | |
| 999 | |c 334896 |d 334894 | ||
| 952 | |0 0 |1 0 |4 0 |6 823_000000000000000_NAB_1992 |7 0 |8 A |9 424168 |a BIBEDU |b BIBEDU |d 2019-11-22 |i 457723K |o 823 NAB 1992 |p 457723K |r 2019-11-22 |w 2019-11-22 |y BK |k CIT | ||
| 952 | |0 0 |1 0 |4 0 |6 823_000000000000000_NAB_1992 |7 0 |8 A |9 424169 |a BIBEDU |b BIBEDU |d 2019-11-22 |i 4577248 |o 823 NAB 1992 |p 4577248 |r 2019-11-22 |w 2019-11-22 |y BK |k CIT | ||
| 952 | |0 0 |1 0 |4 0 |6 823_000000000000000_NAB_1992 |7 0 |8 A |9 424170 |a BIBEDU |b BIBEDU |d 2019-11-22 |i 4577256 |o 823 NAB 1992 |p 4577256 |r 2019-11-22 |w 2019-11-22 |y BK |k CIT | ||
| 952 | |0 0 |1 0 |4 0 |6 823_000000000000000_NAB_1992 |7 0 |8 A |9 424171 |a BIBEDU |b BIBEDU |d 2019-11-22 |i 4577264 |l 4 |o 823 NAB 1992 |p 4577264 |r 2022-04-27 |s 2022-04-27 |w 2019-11-22 |y BK |k CIT | ||
| 952 | |0 0 |1 0 |4 0 |6 823_000000000000000_NAB_1992 |7 0 |8 A |9 424172 |a BIBEDU |b BIBEDU |d 2019-11-22 |i 4577272 |o 823 NAB 1992 |p 4577272 |r 2019-11-22 |w 2019-11-22 |y BK |k CIT | ||
| 952 | |0 0 |1 0 |4 0 |6 823_000000000000000_NAB_1992 |7 0 |8 A |9 424173 |a BIBEDU |b BIBEDU |d 2019-11-22 |i 4577280 |l 1 |o 823 NAB 1992 |p 4577280 |r 2024-04-17 |s 2024-04-17 |w 2019-11-22 |y BK |k CIT | ||
| 952 | |0 0 |1 0 |4 0 |6 823_000000000000000_NAB_1992 |7 0 |8 A |9 424174 |a BIBEDU |b BIBEDU |d 2019-11-22 |i 4577299 |l 1 |m 2 |o 823 NAB 1992 |p 4577299 |r 2023-05-02 |s 2023-04-17 |w 2019-11-22 |y BK |k CIT | ||
| 952 | |0 0 |1 0 |4 0 |6 823_000000000000000_NAB_1992 |7 0 |8 A |9 424175 |a BIBEDU |b BIBEDU |d 2019-11-22 |i 4577302 |o 823 NAB 1992 |p 4577302 |r 2019-11-22 |w 2019-11-22 |y BK |k CIT | ||
| 952 | |0 0 |1 0 |4 0 |6 823_000000000000000_NAB_1992 |7 0 |8 A |9 424176 |a BIBEDU |b BIBEDU |d 2019-11-22 |i 4577310 |o 823 NAB 1992 |p 4577310 |r 2019-11-22 |w 2019-11-22 |y BK |k CIT | ||
| 952 | |0 0 |1 0 |4 0 |6 823_000000000000000_NAB_1992 |7 0 |8 A |9 424177 |a BIBEDU |b BIBEDU |d 2019-11-22 |i 4577329 |o 823 NAB 1992 |p 4577329 |r 2019-11-22 |w 2019-11-22 |y BK |k CIT | ||
| 952 | |0 0 |1 0 |4 0 |6 823_000000000000000_NAB_1992 |7 0 |8 A |9 424178 |a BIBEDU |b BIBEDU |d 2019-11-22 |i 4577337 |l 1 |o 823 NAB 1992 |p 4577337 |r 2024-04-17 |s 2024-04-17 |w 2019-11-22 |y BK |k CIT | ||
| 952 | |0 0 |1 0 |4 0 |6 823_000000000000000_NAB_1992 |7 0 |8 A |9 424179 |a BIBEDU |b BIBEDU |d 2019-11-22 |i 4577345 |o 823 NAB 1992 |p 4577345 |r 2019-11-22 |w 2019-11-22 |y BK |k CIT | ||
| 952 | |0 0 |1 0 |4 0 |6 823_000000000000000_NAB_1992 |7 0 |8 A |9 424180 |a BIBEDU |b BIBEDU |d 2019-11-22 |i 4577353 |l 1 |o 823 NAB 1992 |p 4577353 |r 2024-04-17 |s 2024-04-17 |w 2019-11-22 |y BK |k CIT | ||
| 952 | |0 0 |1 0 |4 0 |6 823_000000000000000_NAB_1992 |7 0 |8 A |9 424181 |a BIBEDU |b BIBEDU |d 2019-11-22 |i 4577361 |o 823 NAB 1992 |p 4577361 |r 2019-11-22 |w 2019-11-22 |y BK |k CIT | ||
| 952 | |0 0 |1 0 |4 0 |6 823_000000000000000_NAB_1992 |7 0 |8 A |9 424182 |a BIBEDU |b BIBEDU |d 2019-11-22 |i 457737K |o 823 NAB 1992 |p 457737K |r 2019-11-22 |w 2019-11-22 |y BK |k CIT | ||
| 952 | |0 0 |1 0 |4 0 |6 823_000000000000000_NAB_1992 |7 0 |8 A |9 424183 |a BIBEDU |b BIBEDU |d 2019-11-22 |i 4577388 |o 823 NAB 1992 |p 4577388 |r 2019-11-22 |w 2019-11-22 |y BK |k CIT | ||
| 952 | |0 0 |1 0 |4 0 |6 823_000000000000000_NAB_1992 |7 0 |8 A |9 424184 |a BIBEDU |b BIBEDU |d 2019-11-22 |i 4577396 |o 823 NAB 1992 |p 4577396 |r 2019-11-22 |w 2019-11-22 |y BK |k CIT | ||
| 952 | |0 0 |1 0 |4 0 |6 823_000000000000000_NAB_1992 |7 0 |8 A |9 424185 |a BIBEDU |b BIBEDU |d 2019-11-22 |i 457740K |l 1 |o 823 NAB 1992 |p 457740K |r 2023-04-28 |s 2023-04-19 |w 2019-11-22 |y BK |k CIT | ||
| 952 | |0 0 |1 0 |4 0 |6 823_000000000000000_NAB_1992 |7 0 |8 A |9 424186 |a BIBEDU |b BIBEDU |d 2019-11-22 |i 4577418 |o 823 NAB 1992 |p 4577418 |r 2019-11-22 |w 2019-11-22 |y BK |k CIT | ||
| 952 | |0 0 |1 0 |4 0 |6 823_000000000000000_NAB_1992 |7 0 |8 A |9 424187 |a BIBEDU |b BIBEDU |d 2019-11-22 |i 4577426 |o 823 NAB 1992 |p 4577426 |r 2019-11-22 |w 2019-11-22 |y BK |k CIT | ||